00963 2200325 4500001002100000005001500021035002000036007000300056008004100059040001700100100002300117245012600140250000900266300006100275504002500336020002200361041000800383082000800391084001400399090001400413260003000427500002800457600002100485700002500506850001000531990002400541990002400565990002400589990002400613INLIS00000000000235720260602015846 a0010-0220000208ta260602 0  aSBPUPADbind0 aYusup Priasudiarja1 aKamus Pintar Super Gaul :bFor Daily English Converstation English Indonesian /cYusup Priasudiarja, Editor: Puridraswari aEd.1 avi, 402 hlm. :bilus. ;c19 CmeBibliografi, hlm 403-404 aBibliografi ,hlm 403 a978-979-29-7043-20 aind a413 a413 YUS k a413 YUS k aYogyakarta :bANDI,c2018 aprofil penulis, hlm 405 4aBahasa Indonesia0 aEditor: Puridraswari aPUPAD a33.495/DAK/DPK/2019 a33.496/DAK/DPK/2019 a33.497/DAK/DPK/2019 a33.498/DAK/DPK/2019